Introductory Ornamental Horticultural (Record no. 5213)

MARC details
000 -LEADER
fixed length control field 00379nam a22001577a 4500
005 - DATE AND TIME OF LATEST TRANSACTION
control field 20160905163816.0
008 - FIXED-LENGTH DATA ELEMENTS--GENERAL INFORMATION
fixed length control field 160905b xxu||||| |||| 00| 0 eng d
020 ## - INTERNATIONAL STANDARD BOOK NUMBER
ISBN 978-93-272-6814-0
041 ## - LANGUAGE CODE
Language code of text/sound track or separate title eng
100 ## - MAIN ENTRY--AUTHOR NAME
Personal name Arora,J.S
245 ## - TITLE STATEMENT
Title Introductory Ornamental Horticultural
260 ## - PUBLICATION, DISTRIBUTION, ETC. (IMPRINT)
Name of publisher Kalyani
Year of publication 2016
300 ## - PHYSICAL DESCRIPTION
Number of Pages 325
650 ## - SUBJECT ADDED ENTRY--TOPICAL TERM
Topical Term Agricultural
942 ## - ADDED ENTRY ELEMENTS (KOHA)
Koha item type Books
Holdings
Lost status Damaged status Collection code Home library Current library Shelving location Date acquired Source of acquisition Cost, normal purchase price Full call number Accession Number Koha item type Copy number
    Reference JRU Library JRU Library SHELF-2-D 05/09/2016 PURCHASE 325.00 635.9 21101 Books  
    AGRICULTURE JRU Library JRU Library SHELF-43-D 05/09/2016 PURCHASE 325.00   21102 Books 5
    AGRICULTURE JRU Library JRU Library SHELF-43-D 05/09/2016 PURCHASE 325.00   21103 Books 5
    AGRICULTURE JRU Library JRU Library SHELF-43-D 05/09/2016 PURCHASE 325.00   21104 Books 5
    AGRICULTURE JRU Library JRU Library SHELF-43-D 05/09/2016 PURCHASE 325.00   21105 Books 5